000 00255nam a22001217a 4500
008 170227b xxu||||| |||| 00| 0 eng d
041 _aeng
080 _23 ED
_a577
100 _a5
101 _aSHMB
245 _aBIOCHEMISTRY
_cMARKS.D.B
942 _2udc
_cBK
999 _c6302
_d6302